Name A Valid Steven Spielberg Movie - Statistics

General Stats
  • This quiz has been taken 62 times
    17 since last reset
  • The average score is 11 of 15
Answer Stats
Name A Valid Steven Spielberg Movies That % Correct
Was the Beginning of A Franchise. Raiders of the Lost Ark | Jurassic Park | Jaws | Poltergeist | Minority Report
100%
Grossed at Least $500 Million Dollars Worldwide. Ready Player One | War of the Worlds | The Lost World: Jurassic Park | Indiana Jones and the Kingdom of the Crystal Skull | E.T. the Extra-Terrestrial | Jurassic Park
100%
Has Tom Hanks in it. Saving Private Ryan | Catch Me If You Can | The Terminal | Bridge of Spies | The Post | The Money Pit | Joe Versus the Volcano
100%
Were Based on Books. Jurassic Park | The Lost World: Jurassic Park | The Adventures of Tintin | West Side Story | Ready Player One | The BFG | War of the Worlds | Catch Me If You Can | Minority Report | Hook | Lincoln | War Horse | Munich | A.I. Artificial Intelligence | Schindler's List | Always | Empire of the Sun | The Color Purple | Jaws | Duel
93%
Has Tom Cruise in it. Vanilla Sky | Minority Report | Austin Powers in Goldmember | War of the Worlds
93%
Were Released in the 2000's. A.I. Artificial Intelligence | Minority Report | Catch Me If You Can | The Terminal | War of the Worlds | Munich | Indiana Jones and the Kingdom of the Crystal Skull
87%
He Wrote. Firelight | Ace Eli and Rodger of the Skies | The Sugarland Express | Close Encounters of the Third Kind | Poltergeist | E.T. the Extra-Terrestrial | The Goonies | A.I. Artificial Intelligence | The Fabelmans
87%
Are Apart of An Existing Franchise. The Lost World: Jurassic Park | Hook | Twilight Zone: The Movie | West Side Story | Indiana Jones and the Last Crusade | Indiana Jones and the Kingdom of the Crystal Skull | War of the Worlds | The Adventures of Tintin
87%
Are Musicals. West Side Story
87%
He Acted in. Jaws | The Blues Brothers | Indiana Jones and the Temple of Doom | Gremlins | Gremlins 2: The New Batch | The Lost World: Jurassic Park | Men in Black | Vanilla Sky | Austin Powers in Goldmember | Paul
80%
He Didn't Produce. Duel | Ace Eli and Rodger of the Skies | The Sugarland Express | Jaws | Close Encounters of the Third Kind | 1941 | Raiders of the Lost Ark | Indiana Jones and the Temple of Doom | Indiana Jones and the Last Crusade | Hook | Jurassic Park | The Lost World: Jurassic Park | Minority Report | War of the Worlds | Indiana Jones and the Kingdom of the Crystal Skull
67%
Were at Least Partially Animated. The Adventures of Tintin | The BFG | Ready Player One
60%
He Was Originally Going to Work On. Cruising | Rain Man | Cape Fear | The Curious Case of Benjamin Button | The Secret Life of Walter Mitty | Interstellar | Shrek | The Little Things | Meet the Parents | Three Amigos! | Indiana Jones and the Dial of Destiny | Memoirs of A Geisha | Mozart and the Whale | Inspector Gadget | The Haunting | Harry Potter and the Sorcerer's Stone | Big Fish | The Trial of the Chicago 7 | Oldboy | Exodus: Gods and Kings | American Sniper | Thank You For Your Service | White Lightning | MacArthur | The Taking of Pelham One Two Three | The Bingo Long Traveling All-Stars and Motor Kings | Lucky Lady | Superman: The Movie | Moonraker | The Spy Who Loved Me | Magic | Big | The Truman Show
27%
Have Frat Pack Members in it. Empire of the Sun | The House with a Clock in Its Walls | The Fabelmans | The Lost World: Jurassic Park
27%
He Didn't Direct Completely. The Goonies | Scarface | Twilight Zone: The Movie | Arachnophobia | Star Wars: Episode III: Revenge of the Sith
20%
No matching quizzes found
Score Distribution
Percent of People with Each Score
Percentile by Number Answered
Your Score History
You have not taken this quiz since the last reset